Philadelphia Phillies Players - Sudden Death - Statistics

General Stats
  • This quiz has been taken 165 times
    151 since last reset
  • The average score is 12 of 17
Answers on the Grid
Answers color-coded by a green-red scale on the quiz's grid according to % correct below.
Adrian Beltre
Bryce Harper
Chase Utley
Christy Mathewson
Clayton Kershaw
Cole Hamels
David Ortiz
Dick Allen
Greg Maddux
Honus Wagner
Jim Abbott
Jim Thome
Jimmy Rollins
Johan Rojas
Johnny Bench
Juan Soto
Lenny Dykstra
Lou Gehrig
Mike Schmidt
Pee Wee Reese
Pete Rose
Robinson Cano
Roy Halliday
Ryan Howard
Ryne Sandberg
Scott Rolen
Steve Carlton
Tom Seaver
Trea Turner
Tug McGraw
 
Answer Stats
Answer % Correct
Bryce Harper
95%
Chase Utley
95%
Cole Hamels
85%
Trea Turner
77%
Ryan Howard
75%
Dick Allen
74%
Roy Halliday
74%
Mike Schmidt
73%
Jimmy Rollins
72%
Steve Carlton
72%
Johan Rojas
69%
Pete Rose
68%
Jim Thome
62%
Scott Rolen
59%
Lenny Dykstra
53%
Tug McGraw
49%
Ryne Sandberg
42%
No matching quizzes found
Score Distribution
Percent of People with Each Score
Percentile by Number Answered
Your Score History
You have not taken this quiz since the last reset